Регионална библиотека "Любен Каравелов" - Русе

Котаракът в чизми и други приказки за котките от цял свят (Запис номер 146321)

MARC детайли
000 -Лидер
Контролно поле с фиксирана дължина nam a22 a 4500
003 - Код на организацията, давaща контролен номер
Контролно поле BLK
005 - Дата и час на последна редакция
Контролно поле 20230201122927.0
008 - Елементи от данни с фиксирана дължина
fixed length control field 180410b bul|||||r ||||||| ||bul||
010 ## - Наследен системен номер
LC control number KNG00152508000
020 ## - Международен стандартен номер на книга ISBN
Международен стандартен номер на книга ISBN 954-8060-58-2
040 ## - Източник на каталожния запис
Идентификатор на билиотеката - собственик на записа BLK
041 ## - Код за език
Код за езика на текст/звукозапис или на отделно заглавие Български
Код за езика КДБФ Български
080 ## - УДК
Текстов определител УДК Литература на отделни езици и езикови семейства
УДК код - определител по УДК 821
УДК определител -93-34
УДК - код + определител 821-93-34
139 ## - Редно поле
Редна дума Котаракът в чизми и други приказки за котките от цял свят
Авторски знак Кот - К 87
245 10 - Сведения за заглавието
Заглавие Котаракът в чизми и други приказки за котките от цял свят
Подзаглавни данни Сб.
Редно поле (дума) състав. Славчо Николов; худож. Валентин Голешев.
257 ## - Страна на издаване
Страна на създаване/издаване Сборници - Свят
260 ## - Област на издателските данни
Място на издаване, разпространение и проч. Шумен
Име на издателя, разпространителя и проч. Славчо Николов и сие
Година на издаване 1992
300 ## - Физическа характеристика
Страници 88 с.
Илюстрации и др. с цв. ил.
Размери/Мащаб 20 см
380 ## - Жанр
Жанр Детска худож. лит.
500 ## - Общи забележки
Забележка 15 000 тир.
653 ## - Ключова дума – ненормативна
Ключова дума детска литература
653 ## - Ключова дума – ненормативна
Ключова дума литература за деца
653 ## - Ключова дума – ненормативна
Ключова дума сборници
700 1# - Други автори (авторска отговорност)
Лично име Николов, Славчо
Автороска отговорност (Описва отношението между автора и произведението) състав.
9 (RLIN) 363593
700 1# - Други автори (авторска отговорност)
Лично име Голешев, Валентин
Автороска отговорност (Описва отношението между автора и произведението) худож.
9 (RLIN) 319140
852 ## - Местоположение
Форматна сигнатура Цб 262750
856 4# - Електронен адрес и достъп
Електронен формат pdf - файл
Инструкция (цена за достъп) 0.00
Права за достъп disable
856 4# - Електронен адрес и достъп
Електронен формат pdf - файл
Инструкция (цена за достъп) 0.00
Права за достъп disable
999 ## - СИСТЕМНИ КОНТРОЛНИ НОМЕРА
Koha biblionumber 146321
Koha biblioitemnumber 146321
942 ## - АРТИКУЛИ
Вид на библиотечния материал Книги
Скрит в OPAC Не
Koha issues (borrowed), all copies 3
Периодичен библиозапис Да
944 ## - СЪЗДАВАНЕ И РЕДАКЦИЯ на ЗАПИСА
Създаване/Редакция Създаване
Дата на регистрацията/редакция 24.10.2013
Статус, дата на статуса 24.10.2013 - от С1,Р / 24.10.2013
Служител, извършил регистрацията/редакцията Ивелин_Чалов
944 ## - СЪЗДАВАНЕ И РЕДАКЦИЯ на ЗАПИСА
Създаване/Редакция Редакция
Дата на регистрацията/редакция 24.10.2013
Статус, дата на статуса 24.10.2013 - от С1,Р / 24.10.2013
999 ## - СИСТЕМНИ КОНТРОЛНИ НОМЕРА
Koha biblioitemnumber 146321
Наличности
Код за отписване Код за изгубен артикул Източник на класификационната схема Код за повреда Коз за рестрикции Код за отдаване Артикулен № Име на библиотеката - собственик Име на библиотеката, в която се намира в момента Статус (Текущо местоположение) Дата на вписване в системата Местоположение - отдел Цена в лева Инвентарен номер Систематично азбучна сигнатура Баркод Номер на екземпляра Цена в евро Служебна бележка Служебен тип на артикула
  Не е изгубен Universal Decimal Classification Не е повреден без рестрикции ползва се в читалня 243227 Регионална библиотека "Любен Каравелов" Русе Регионална библиотека "Любен Каравелов" Русе Хранилище 1992-01-01 Хранилище 0.44 576921 Цб 262750 120000576921 1 0.22 Дост: Dp Вид: Д N: стар фонд Дата: 01.01.1992 Книги
Изтеглен Не е изгубен Universal Decimal Classification Не е повреден без рестрикции заемане за дома 243228 Регионална библиотека "Любен Каравелов" Русе Регионална библиотека "Любен Каравелов" Русе Детски отдел 1992-01-01 Детски отдел 0.88 594397 ДХ 820/899/К 87 594397 2 0.45 Дост: Pk Вид: Ф N: стар фонд Дата: 01.01.1992 Дата инв: 15.09.2015 Бележки инв: Д2015 Книги
Изтеглен Не е изгубен Universal Decimal Classification Не е повреден без рестрикции заемане за дома 243229 Регионална библиотека "Любен Каравелов" Русе Регионална библиотека "Любен Каравелов" Русе Детски отдел 1992-01-01 Детски отдел 0.88 594398 ДХ 820/899/К 87 594398 3 0.45 Дост: Pk Вид: Ф N: стар фонд Дата: 01.01.1992 Дата инв: 13.08.2015 Бележки инв: Д2015 Книги
Изтеглен Не е изгубен Universal Decimal Classification Не е повреден без рестрикции заемане за дома 243230 Регионална библиотека "Любен Каравелов" Русе Регионална библиотека "Любен Каравелов" Русе Детски отдел 1992-01-01 Детски отдел 0.88 594399 ДХ 820/899/К 87 594399 4 0.45 Дост: Pk Вид: Ф N: стар фонд Дата: 01.01.1992 Дата инв: 15.09.2015 Бележки инв: Д2015 Книги
Vip Innovations Ltd, Rousse, Bulgaria 2025